00341nam a2200121Ia 4500008004100000041000800041082001400049100001800063245004400081250001400125260005000139300003000189240624s9999 xx 000 0 und d aeng a519.5 KEL aKELLER GERALD aSTATISTICS FOR MANAGEMENT AND ECONOMICS a(7th ed.) c2008aAustraliabBrooks/Cole Cengage Learning axx, : 848 : p. : cm. ; 25